Punjabi Grammar (Record no. 16414)
[ view plain ]
| 000 -LEADER | |
|---|---|
| fixed length control field | 00367nam a22001577a 4500 |
| 003 - CONTROL NUMBER IDENTIFIER | |
| control field | OSt |
| 005 - DATE AND TIME OF LATEST TRANSACTION | |
| control field | 20170105102939.0 |
| 040 ## - CATALOGING SOURCE | |
| Original cataloging agency | 0 |
| 082 ## - DEWEY DECIMAL CLASSIFICATION NUMBER | |
| Classification number | 491.42 |
| Author Mark | SHA 2015 |
| 100 ## - MAIN ENTRY--PERSONAL NAME | |
| Personal name | Shah, Safdar Ali |
| 245 ## - TITLE STATEMENT | |
| Title | Punjabi Grammar |
| Statement of responsibility, etc. | Safdar Ali Shah |
| 260 ## - PUBLICATION, DISTRIBUTION, ETC. | |
| Place of publication, distribution, etc. | Islamabad |
| Name of publisher, distributor, etc. | NUST |
| Date of publication, distribution, etc. | 2015 |
| 300 ## - PHYSICAL DESCRIPTION | |
| Extent | xx, 167p.; |
| Other physical details | ill |
| Dimensions | 22 cm |
| 650 ## - SUBJECT ADDED ENTRY--TOPICAL TERM | |
| Topical term or geographic name entry element | Punjabi Grammar |
| 942 ## - ADDED ENTRY ELEMENTS (KOHA) | |
| Source of classification or shelving scheme | |
| Koha item type | Book |
| Withdrawn status | Lost status | Damaged status | Not for loan | Collection code | Permanent Location | Current Location | Shelving location | Date acquired | Total Checkouts | Full call number | Barcode | Date last seen | Price effective from | Koha item type | Source of classification or shelving scheme |
|---|---|---|---|---|---|---|---|---|---|---|---|---|---|---|---|
| Central Library (CL) | Central Library (CL) | General Stacks | 05/19/2016 | 491.425 SHA 2015 | CIPS0002820 | 01/24/2022 | 05/19/2016 | Book | |||||||
| Centre for International Peace & Stability (CIPS) | Centre for International Peace & Stability (CIPS) | General Stacks | 05/19/2016 | 491.42 SHA 2015 | CIPS0002821 | 05/19/2016 | 05/19/2016 | Book |
